000 00341nam a2200145Ia 4500
008 230917s9999||||xx |||||||||||||| ||und||
040 _e84205
_aMAIN
041 _aEnglish
082 _a940.27 T362E
100 _aThomson, David
245 0 _aEurope since Napoleon
260 _aNew York
_bPenguin
_c1990
300 _a1001 p.
942 _cBK
999 _c97489
_d97489